00603nam a22001697a 450000500170000000800410001702000260005803700080008404000180009210000170011024500510012726000320017827000530021030000400026350000600030350500700036320100506161352.0100401t xxu||||| |||| 00| 0 eng d c235.00a9780230637610 bPUB adplbEnglish  aVipul Singh  aInterpreting medieval India /cby Vipul Singh  aNew Delh bMacmillan c2009 bNew Delhi a2/10, Ansari Road, Daryaganje110002 av.1 (xii, 420p.)c25cm(pbk) bill.  aIncludes glossary, bibligraphical references and index  av.1- Early medieval, Delhi sultanate and regions (circa 750-1550)